| 000 | 00517nam a2200193 a 4500 | ||
|---|---|---|---|
| 001 | 1280 | ||
| 005 | 20140414131922.0 | ||
| 008 | 041220s19uu xx 00 eng d | ||
| 020 | _a1-85422-593-6 | ||
| 050 |
_aER _bT41 1993 |
||
| 245 |
_aThree little pigs, The / _cillustrated by Van Gool. |
||
| 260 |
_bMagna Books, _c1993. |
||
| 300 | _a1 v. p. : ill. ; cm. | ||
| 440 | _aA Magna little fairy tale | ||
| 650 |
_aPigs _xFiction. |
||
| 650 |
_aHouses _xFiction. |
||
| 650 | _aChildren stories. | ||
| 999 |
_c111795 _d111795 |
||